| 000 | 01816nam0a2200373 4500 | ||
|---|---|---|---|
| 001 | RU\NLR\bibl\1187249 | ||
| 005 | 20260409075036.0 | ||
| 010 |
_a978-5-7057-1523-7 _921300 |
||
| 021 |
_aRU _b2007-87445 _94728 |
||
| 035 | _a(nilc)RSL-KNO-003370325 | ||
| 035 | _a(NLR Aleph) 001173822 | ||
| 090 |
_a1614278 _c1614278 |
||
| 100 | _a20071214d2008 |||y0rusy50 ca | ||
| 101 | 0 | _arus | |
| 102 | _aRU | ||
| 105 | _ay zzzz||||| | ||
| 200 | 1 |
_aСотрудничество педагогов и семьи _eорганизация системы работы _fИзд-во "Учитель" _gавт.-сост. Н. А. Алымова, Н. А. Белибихина |
|
| 210 |
_aВолгоград _cУчитель _d2008 |
||
| 215 |
_a190, [1] с. _cтабл. _d22 |
||
| 225 | 1 | _aВ помощь администрации школы | |
| 320 | _aБиблиогр.: с. 186-188 | ||
| 606 |
_aШколы _xРабота с родителями _3RU\NLR\auth\661381181 _92307532 |
||
| 610 | 0 | _aКультура. Наука. Просвещение -- Народное образование. Педагогические науки -- Общеобразовательная школа. Школьная педагогика -- Школьная педагогика -- Российская Федерация -- Учебное заведение и семья | |
| 686 |
_aЧ421,6(2)51,0 _2rubbk |
||
| 686 | _aЧ421.51 | ||
| 702 | 1 |
_aАлымова _bН. А. _gНадежда Александровна _4220 |
|
| 712 | 0 | 2 |
_4570 _a"Учитель", издательство _cВолгоград _3RU\NLR\AUTH\8810004275 _9505853 |
| 801 | 0 |
_aRU _bРКП _c20071214 _grcr |
|
| 801 | 1 |
_aRU _bРГБ _c20071214 |
|
| 801 | 2 |
_aRU _bNLR _c20080212 _grcr |
|
| 830 | _aсост. по кн. | ||
| 942 | _cBOOK | ||
| 980 | _aNB | ||